North American Currencies - Map Quiz - Statistics

General Stats
  • This quiz has been taken 37 times
  • The average score is 20 of 23
Answers on the Map
Answers color-coded by a green-red scale on the quiz's map according to % correct below.
 
Answer Stats
Answer % Correct
Dollar
100%
Dollar
100%
Dollar
100%
Dollar
100%
Dollar
100%
Dollar
100%
Dollar
100%
Dollar
100%
Dollar
100%
Dollar
100%
Dollar
100%
Dollar
100%
Dollar
100%
Dollar
100%
Dollar
100%
Peso
100%
Peso
100%
Peso
100%
Quetzal
64%
Colon
46%
Gourde
39%
Cordoba
29%
Lempira
25%
No matching quizzes found
Score Distribution
Percent of People with Each Score
Percentile by Number Answered
Your Score History
You have not taken this quiz